Maulana Muhammad Ali Johar( Hayat-o-Khidmat) (Record no. 614145)
[ view plain ]
| 000 -LEADER | |
|---|---|
| fixed length control field | 00538nam a22001577a 4500 |
| 020 ## - INTERNATIONAL STANDARD BOOK NUMBER | |
| International Standard Book Number | 9789694741727 |
| 082 ## - DEWEY DECIMAL CLASSIFICATION NUMBER | |
| Classification number | 923.2054 |
| Author Mark | USM |
| 100 ## - MAIN ENTRY--PERSONAL NAME | |
| Personal name | Usmani,Sabir Irshad |
| 245 ## - TITLE STATEMENT | |
| Title | Maulana Muhammad Ali Johar( Hayat-o-Khidmat) |
| Remainder of title | Sabir ,Irshad Usmani |
| 260 ## - PUBLICATION, DISTRIBUTION, ETC. | |
| Place of publication, distribution, etc. | اسلام آباد: |
| Name of publisher, distributor, etc. | مقتدرہ قومی زبان, |
| Date of publication, distribution, etc. | 2007 |
| 300 ## - PHYSICAL DESCRIPTION | |
| Extent | 964p. |
| 563 ## - BINDING INFORMATION | |
| Binding note | HB |
| 880 ## - ALTERNATE GRAPHIC REPRESENTATION | |
| Linkage | 100-01\(3\r |
| Title | صابر ارشاد عثمانی |
| 880 ## - ALTERNATE GRAPHIC REPRESENTATION | |
| Linkage | 245-02\(3\r |
| Title | (مولانا محمد علی جوہر( حیات و خدمت |
| 942 ## - ADDED ENTRY ELEMENTS (KOHA) | |
| Source of classification or shelving scheme | |
| Koha item type | Book |
| Withdrawn status | Lost status | Source of classification or shelving scheme | Damaged status | Not for loan | Permanent Location | Current Location | Date acquired | Total Checkouts | Full call number | Barcode | Date last seen | Price effective from | Koha item type |
|---|---|---|---|---|---|---|---|---|---|---|---|---|---|
| Central Library (CL) | Central Library (CL) | 07/08/2025 | 923.2054 USM | CL-D-2841 | 07/08/2025 | 07/08/2025 | Book |
